Movie Alphabet I - Statistics

General Stats
  • This quiz has been taken 68 times
  • The average score is 9 of 16
Answer Stats
Picture Answer % Correct
Indiana Jones and the Last Crusade
95%
It
95%
Iron Man
92%
Inception
85%
Inside Out
83%
The Iron Giant
73%
Independence Day
69%
Inglorious Basterds
64%
It's A Wonderful Life
58%
Interview with the Vampire
53%
I Know What You Did Last Summer
49%
The Italian Job
41%
In the Heat of the Night
20%
Idiocracy
19%
Invasion of the Body Snatchers
12%
The Ipcress File
10%
No matching quizzes found
Score Distribution
Percent of People with Each Score
Percentile by Number Answered
Your Score History
You have not taken this quiz